| 000 | 00372nam a2200157Ia 4500 | ||
|---|---|---|---|
| 008 | 230917s9999||||xx |||||||||||||| ||und|| | ||
| 020 | _cPOU15 | ||
| 040 |
_e3614 _aMAIN |
||
| 041 | _aEnglish | ||
| 082 | _a320.5322 H219C | ||
| 100 | _aHarding, Neil | ||
| 245 | 0 | _aLenin's political thought | |
| 260 |
_aLondon _bMacmillan _c1981 |
||
| 300 | _aix, 397 p. | ||
| 942 | _cBK | ||
| 999 |
_c225417 _d225417 |
||